[Event "Mittelfranken-chT 0405"]
[Site "Germany"]
[Date "2005.03.13"]
[Round "7.6"]
[White "Doetterl, Ludwig"]
[Black "Zach, Andreas"]
[Result "1-0"]
[WhiteElo "1828"]
[BlackElo "1911"]
[PlyCount "75"]
[EventDate "2004.10.17"]
[EventType "team"]
[EventRounds "9"]
[EventCountry "GER"]
[SourceTitle "EXT 2007"]
[Source "ChessBase"]
[SourceDate "2006.11.23"]
[SourceVersion "1"]
[SourceVersionDate "2006.11.23"]
[SourceQuality "1"]

1. d4 Nf6 2. Nf3 d5 3. c4 e6 4. Bg5 Be7 5. Nc3 0-0 6. e3 Nbd7 7. Qc2 c5 8. Be2 cxd4 9. exd4 dxc4 10. Bxc4 Nb6 11. Bd3 h6 12. Be3 Nbd5 13. 0-0 Nb4 14. Qd2 Nxd3 15. Qxd3 b6 16. Ne5 Bb7 17. Rfd1 Rc8 18. Rac1 Nd5 19. Qe2 Bg5 20. Nf3 Nf4 21. Bxf4 Bxf4 22. Rc2 Bb8 23. Rcd2 Re8 24. Ne4 Qd5 25. Nc3 Qf5 26. Ne5 f6 27. Ng4 Bf4 28. Ne3 Qg6 29. d5 exd5 30. Ncxd5 Bxd5 31. Rxd5 Bxe3 32. fxe3 Rc2 33. R5d2 Rec8 34. h3 Rxd2 35. Rxd2 Qb1+ 36. Kh2 Qxa2 37. Qg4 Qc4 38. Rd8+ 1-0